| 000 | 00484pam a2200193 a 4500 | ||
|---|---|---|---|
| 020 | _c90.00 (PB) | ||
| 041 |
_aeng _hNULL |
||
| 082 |
_a616 _bPAT/RAT |
||
| 100 | _aPATEL , K . | ||
| 245 |
_aCLINICS IN INTERNAL MEDICINE / _cNULL. _hTextual Documents |
||
| 260 |
_aNULL : _bK.C PATEL MUMBAI , _c2000. |
||
| 300 |
_a151 : _bVII ; _cA4 . |
||
| 365 |
_a90.00 _e1 |
||
| 700 | _aRATHOD, N . | ||
| 907 | _a6372 | ||
| 930 | _a2729 | ||
| 999 |
_c797264 _d797264 |
||
| 650 | _aGEN.MEDICINE | ||